[Event "VEN-ch (Women)"]
[Site "Bolivariana"]
[Date "2019.04.13"]
[Round "1"]
[White "Patino Garcia, Corals"]
[Black "Guadalajara Barrios, Jacksilany"]
[Result "1-0"]
[WhiteElo "1977"]
[BlackElo "1546"]
[PlyCount "51"]
[EventDate "2019.04.13"]
[EventType "tourn"]
[EventRounds "10"]
[EventCountry "VEN"]
[SourceTitle "CBM 190 Extra"]
[Source "ChessBase"]
[SourceDate "2019.07.15"]
[SourceVersion "1"]
[SourceVersionDate "2019.07.15"]
[SourceQuality "1"]

1. Nf3 Nf6 2. d4 d5 3. c4 c6 4. Nc3 e6 5. e3 Nbd7 6. Qc2 Be7 7. e4 dxe4 8. Nxe4 Nxe4 9. Qxe4 Nf6 10. Qc2 0-0 11. Bd3 h6 12. 0-0 c5 13. dxc5 Bxc5 14. a3 b6 15. b4 Bd6 16. Bb2 Bb7 17. Qe2 Rc8 18. Rad1 Qe7 19. Ne5 Rfd8 20. f4 Nd7 21. Nxd7 Rxd7 22. Qg4 f5 23. Qg3 Qf7 24. Rfe1 Rcd8 25. Bc2 Qh5 26. Rxd6 1-0

[Event "Valera FVA 82nd Anniv"]
[Site "Valera"]
[Date "2017.12.15"]
[Round "6"]
[White "Guerrero Campo, Carlos Alberto"]
[Black "Guadalajara Barrios, Jacksilany"]
[Result "1-0"]
[WhiteElo "1882"]
[BlackElo "1403"]
[PlyCount "75"]
[EventDate "2017.12.13"]
[EventType "swiss"]
[EventRounds "7"]
[EventCountry "VEN"]
[SourceTitle "CBM 182 Extra"]
[Source "ChessBase"]
[SourceDate "2018.02.23"]
[SourceVersion "1"]
[SourceVersionDate "2018.02.23"]
[SourceQuality "1"]

1. e4 e5 2. Nf3 Nf6 3. Nxe5 d6 4. Nf3 Nxe4 5. Nc3 Nxc3 6. dxc3 Be7 7. Bf4 0-0 8. Qd2 Bf5 9. Be2 Nd7 10. h3 h6 11. g4 Bg6 12. 0-0-0 a5 13. h4 a4 14. h5 Bh7 15. g5 hxg5 16. Nxg5 Ra5 17. Nxh7 Kxh7 18. Bd3+ Kg8 19. h6 g6 20. h7+ Kh8 21. Rdg1 Ne5 22. Be2 Bf6 23. Bh6 Re8 24. f4 Nc6 25. Bg5 Qe7 26. Bc4 Bxg5 27. Rxg5 Rxg5 28. fxg5 Qe4 29. Bd5 Qg4 30. Bxf7 Re2 31. Qd1 Qf4+ 32. Kb1 Rf2 33. Bxg6 Qxg5 34. Be4 Rf8 35. Rg1 Qh4 36. Bd5 Ne7 37. Bxb7 Qh3 38. Qd4+ 1-0